000 01254nam a22002897a 4500
003 OSt
005 20240628142058.0
008 240207t20102012sp jr 000 0dspa d
020 _a9788408004714
037 _3Donación
040 _aCO-JMCR
_cCO-JMCR
_dCO-JMCR
_erda
_bspa
041 1 _aspa
_heng
082 0 4 _aJ-N
_bHAWe
100 1 _eautor
_aHawkins, Rachel
_943207
_d1979-
245 1 _aEmbrujo /
_cHawkins Rachel
246 _aSpellbound
260 _aBarcelona :
_bDestino ,
_c©2011
300 _a254 páginas ;
_c22 cm.
490 _aHex Hall
500 _aIncluye información de la autora
520 _a¡Justo ahora que ya no tengo poderes los necesito! ¿Cómo, si no, voy a derrotar al ejército de demonios dispuesto a acabar con los míos? ¡Ni hablar! Aunque tenga que permitir que el fantasma de mi archienemiga de clase me posea para ganar esa batalla, no voy a dejar que ese hatajo de demonios estropeen mi romance con... ¿Archer? ¿Cal?'
521 _aPara mayores de 13 años.
650 1 4 _2JMCR
_aLiteratura juvenil
_vNovela Juvenil
_xMagia en la literatura
_zEspaña
_943217
650 2 4 _2JMCR
_aNovela juvenil
_xFantasia
_zEspaña
_943218
700 _aCastellanos Arfelis, Ariadna,
_eTraductora
_943210
942 _2ddc
_cBK
999 _c30516
_d16900